| 000 | 01227nam a22002177a 4500 | ||
|---|---|---|---|
| 999 |
_c62135 _d62135 |
||
| 003 | Ge_BSU | ||
| 005 | 20240719121914.0 | ||
| 008 | 240719s2018 ge ||||| |||| 00| 0 geo d | ||
| 020 | _a9789941470684 | ||
| 041 | _ageo | ||
| 080 | _a821.353.1-94 დ-15 | ||
| 100 |
_aდავითაია, ვახტანგ. _915482 |
||
| 245 |
_aჩანაწერები : (1967-2017) / _cვახტანგ დავითაია ; დიზაინი ტატა ნაცვლიშვილი |
||
| 264 |
_aთბილისი : _bინტელექტი, _c2018. |
||
| 300 |
_a254 გვ.: _b[80] ჩართ. გვ. ფოტ. _c20 სმ. |
||
| 500 | _aგარეკანზე: ირინა აბჟანდაძის ფოტო | ||
| 501 | _aეძღვნება ივანე ჩხენკელის ხსოვნას. | ||
| 653 | _a ქართული ლიტერატურა -- ფრთიანი გამონათქვამები. ქართული მემუარული ლიტერატურა. | ||
| 700 |
_aნაცვლიშვილი, ტატა. _eდიზაინერი. _922884 |
||
| 942 |
_2udc _cᲬᲘᲒᲜᲘ |
||